Christmas Time Scrambler! Quiz Stats

 Plays Quiz not verified by Sporcle

Challenge
Share
Tweet
Embed
Score 0/15 Timer 05:00
0 Plays Today
Hint Answer % Correct
ITSGFGIFTS
96.2%
TSHRMSACI RETECHRISTMAS TREE
93.6%
NASTA LUSACSANTA CLAUS
93.6%
NEREDEIRREINDEER
92.3%
LEYUYULE
92.3%
RSTA FO TEBHMELEHSTAR OF BETHLEHEM
91%
VEWELT SADY FO MATSICHRSTWELVE DAYS OF CHRISTMAS
91%
TSCKGOINSTOCKING
89.7%
Hint Answer % Correct
HEEBMTEHLBETHLEHEM
87.2%
PRAWGNIP PREAPWRAPPING PAPER
87.2%
ETTOEMLSIMISTLETOE
84.6%
GISEHLSLEIGH
78.2%
ZNILTBEBLITZEN
76.9%
SCORALCAROLS
75.6%
VDATNEADVENT
70.5%

You're not logged in!

Compare scores with friends on all Sporcle quizzes.
OR
Log In

You Might Also Like...

Show Comments

Extras

Top Quizzes Today


Score Distribution

Your Account Isn't Verified!

In order to create a playlist on Sporcle, you need to verify the email address you used during registration. Go to your Sporcle Settings to finish the process.

Report this User

Report this user for behavior that violates our Community Guidelines.

Details: